| 000 | 00615nam a2200217Ia 4500 | ||
|---|---|---|---|
| 005 | 20260429112021.0 | ||
| 008 | 260429s9999||||xx |||||||||||||| ||und|| | ||
| 020 | _a9780367515744 | ||
| 041 | _aEnglish | ||
| 082 |
_a371.102 _bHOR |
||
| 100 | _aHordern, Jim | ||
| 245 | 0 |
_aRethinking knowledgeable practice in education / _cJim Hordern |
|
| 250 | _a1st ed. | ||
| 260 |
_aNew York : _bRoutledge, _c2024. |
||
| 300 | _axiii, 137 p.; pbk | ||
| 440 | _aFoundations and Futures of Education | ||
| 650 | _a Professional knowledge | ||
| 650 | _a Teaching practice | ||
| 650 | _aEducational theory | ||
| 942 | _cTB | ||
| 999 |
_c51910 _d51910 |
||